Wszyscy posłowie sejmu X kadencji po zdjęciu - Statystyki

Ogólne statystyki
  • Ten quiz został rozwiązany 284 razy
  • Średni wynik to 87 z 460
Statystyki odpowiedzi
Obrazkowy Odpowiedź % Poprawnych
Włodzimierz Czarzasty
95%
Anna Maria Żukowska
92%
Adrian Zandberg
89%
Donald Tusk
87%
Jarosław Kaczyński
84%
Krzysztof Bosak
82%
Mateusz Morawiecki
82%
Sławomir Mentzen
82%
Marek Jakubiak
80%
Roman Giertych
80%
Szymon Hołownia
80%
Władysław Kosiniak Kamysz
80%
Zbigniew Ziobro
80%
Barbara Nowacka
79%
Paweł Kukiz
79%
Antoni Macierewicz
77%
Jacek Sasin
77%
Ryszard Petru
77%
Janusz Kowalski
76%
Michał Kołodziejczak
74%
Agnieszka Dziemianowicz Bąk
73%
Mariusz Błaszczak
73%
Ryszard Terlecki
73%
Katarzyna Kotula
71%
Elżbieta Witek
70%
Karina Bosak
70%
Konrad Berkowicz
70%
Przemysław Czarnek
70%
Krzysztof Gawkowski
67%
Przemysław Wipler
66%
Sławomir Nitras
65%
Tomasz Trela
65%
Katarzyna Lubnauer
63%
Marek Suski
60%
Klaudia Jachira
58%
Marcin Józefaciuk
57%
Paulina Matysiak
57%
Tomasz Siemoniak
55%
Marek Sawicki
54%
Dariusz Wieczorek
53%
Izabela Leszczyna
52%
Łukasz Litewka
52%
Aleksandra Wiśniewska
51%
Dariusz Matecki
51%
Marcelina Zawisza
51%
Radosław Fogiel
50%
Cezary Tomczyk
48%
Piotr Gliński
48%
Witold Zembaczyński
48%
Jan Grabiec
47%
Paulina Hennig Kloska
47%
Andrzej Domański
46%
Grzegorz Płaczek
46%
Jan Ardanowski
46%
Michał Wawer
46%
Paweł Kowal
46%
Wanda Nowicka
46%
Adam Szłapka
45%
Aleksandra Gajewska
45%
Piotr Zgorzelski
45%
Andrzej Szejna
44%
Jarosław Sachajko
43%
Michał Gramatyka
43%
Roman Fritz
43%
Bogusław Wołoszański
42%
Magdalena Sroka
42%
Sebastian Kaleta
42%
Witold Tumanowicz
42%
Małgorzata Wassermann
41%
Adam Gomoła
40%
Apoloniusz Tajner
40%
Jacek Karnowski
40%
Łukasz Schreiber
39%
Maciej Konieczny
39%
Arkadiusz Myrcha
38%
Dorota Olko
38%
Marcin Romanowski
38%
Marcin Horała
37%
Michał Wójcik
37%
Monika Wielichowska
37%
Ryszard Wilk
37%
Tomasz Zimoch
37%
Joanna Mucha
35%
Mariusz Gosek
35%
Robert Telus
35%
Władysław Bartoszewski
35%
Bartłomiej Pejo
34%
Daria Gosek Popiołek
34%
Dorota Niedziela
34%
Kacper Płażyński
34%
Marek Kuchciński
34%
Włodzimierz Skalik
34%
Agnieszka Pomaska
32%
Aleksandra Leo
32%
Jan Kanthak
32%
Łukasz Mejza
32%
Zbigniew Rau
32%
Dariusz Klimczak
31%
Kinga Gajewska
31%
Franciszek Sterczewski
30%
Joanna Lichocka
30%
Rafał Bochenek
30%
Zbigniew Bogucki
30%
Anita Kucharska Dziedzic
29%
Izabela Bodnar
29%
Paweł Jabłoński
29%
Adam Andruszkiewicz
28%
Bożenna Hołownia
28%
Dariusz Piontkowski
28%
Krzysztof Paszyk
28%
Maciej Lasek
28%
Adrian Witczak
27%
Jakub Rutnicki
27%
Janusz Cieszyński
27%
Jarosław Wałęsa
27%
Krzysztof Tuduj
27%
Paweł Śliz
27%
Robert Kropiwnicki
27%
Urszula Zielińska
27%
Andrzej Adamczyk
26%
Mariusz Witczak
26%
Szymon Szynkowski vel Sęk
26%
Henryk Kowalczyk
25%
Marcin Bosacki
25%
Paweł Szefernaker
25%
Czesław Siekierski
24%
Grzegorz Napieralski
24%
Joanna Wicha
24%
Marek Ast
24%
Michał Woś
24%
Paweł Zalewski
24%
Zbigniew Kuźmiuk
24%
Kamil Bortniczuk
23%
Krzysztof Mulawa
23%
Monika Pawłowska
23%
Piotr Kaleta
23%
Rafał Siemaszko
23%
Urszula Pasławska
23%
Mirosław Suchoń
22%
Przemysław Witek
22%
Sławomir Ćwik
22%
Aleksandra Kot
21%
Andrzej Zapałowski
21%
Barbara Bartuś
21%
Michał Połuboczek
21%
Piotr Adamowicz
21%
Arkadiusz Marchewka
20%
Dominika Chorosińska
20%
Filip Kaczyński
20%
Katarzyna Ueberhan
20%
Leonard Krasulski
20%
Monika Rosa
20%
Piotr Kowal
20%
Anna Gembicka
19%
Jarosław Sellin
19%
Joanna Kluzik Rostkowska
19%
Konrad Frysztak
19%
Krzysztof Szczucki
19%
Marcin Przydacz
19%
Bronisław Foltyn
18%
Jarosław Zieliński
18%
Krzysztof Szymański
18%
Marcin Warchoł
18%
Marek Gróbarczyk
18%
Patryk Jaskulski
18%
Tadeusz Tomaszewski
18%
Andrzej Gut Mostowy
16%
Dorota Łoboda
16%
Jarosław Urbaniak
16%
Joanna Borowiak
16%
Katarzyna Piekarska
16%
Krzysztof Sobolewski
16%
Maja Nowak
16%
Marcin Kulasek
16%
Zbigniew Konwiński
16%
Bożena Żelazowska
15%
Czesław Mroczek
15%
Krystyna Skowrońska
15%
Krzysztof Mieszkowski
15%
Łukasz Kmita
15%
Marcin Ociepa
15%
Marzena Okła Drewnowicz
15%
Wiesław Szczepański
15%
Anita Czerwińska
14%
Bartosz Romowicz
14%
Jacek Czerniak
14%
Jacek Tomczak
14%
Karolina Pawliczak
14%
Krystyna Szumilas
14%
Magdalena Filiks
14%
Agnieszka Wojciechowska van Heukelom
13%
Anna Krupka
13%
Anna Paluch
13%
Bartosz Kownacki
13%
Ewa Kołodziej
13%
Ireneusz Raś
13%
Katarzyna Sójka
13%
Kazimierz Smoliński
13%
Maria Koc
13%
Michał Moskal
13%
Paweł Szrot
13%
Stefan Krajewski
13%
Tomasz Nowak
13%
Urszula Nowogórska
13%
Waldemar Andzel
13%
Andrzej Grzyb
12%
Bożena Borys Szopa
12%
Henryka Krzywonos Strycharska
12%
Iwona Arent
12%
Iwona Hartwich
12%
Krzysztof Truskolaski
12%
Marek Sowa
12%
Marta Stożek
12%
Mateusz Bochenek
12%
Michał Kowalski
12%
Mirosława Stachowiak Różecka
12%
Norbert Kaczmarczyk
12%
Paweł Suski
12%
Adam Dziedzic
11%
Agnieszka Kłopotek
11%
Elżbieta Polak
11%
Ewa Schädler
11%
Jolanta Niezgodzka
11%
Marek Biernacki
11%
Maria Kurowska
11%
Urszula Augustyn
11%
Wioleta Tomczak
11%
Andrzej Kosztowniak
10%
Andrzej Śliwka
10%
Arkadiusz Sikora
10%
Barbara Oliwiecka
10%
Bartłomiej Wróblewski
10%
Jan Dziedziczak
10%
Jan Mosiński
10%
Jarosław Krajewski
10%
Kamil Wnuk
10%
Magdalena Kołodziejczak
10%
Małgorzata Tracz
10%
Olga Semeniuk Patkowska
10%
Paweł Bejda
10%
Paweł Olszewski
10%
Radosław Lubczyk
10%
Włodzimierz Tomaszewski
10%
Agnieszka Buczyńska
9%
Agnieszka Ścigaj
9%
Artur Łącki
9%
Barbara Dolniak
9%
Jarosław Rzepa
9%
Jarosław Wieczorek
9%
Krzysztof Lipiec
9%
Krzysztof Tchórzewski
9%
Maria Janyska
9%
Mariusz Krystian
9%
Michał Jaros
9%
Mirosław Orliński
9%
Piotr Borys
9%
Rafał Romanowski
9%
Tadeusz Woźniak
9%
Zbigniew Ziejewski
9%
Anna Kwiecień
8%
Ewa Szymanowska
8%
Grzegorz Puda
8%
Jerzy Meysztowicz
8%
Krzysztof Ciecióra
8%
Małgorzata Golińska
8%
Paweł Bliźniuk
8%
Waldemar Sługocki
8%
Alicja Chybicka
7%
Anna Milczanowska
7%
Daniel Milewski
7%
Dorota Arciszewska Mielewczyk
7%
Jacek Osuch
7%
Joanna Frydrych
7%
Katarzyna Matusik Lipiec
7%
Lidia Burzyńska
7%
Mariusz Kałużny
7%
Marta Golbik
7%
Michał Krawczyk
7%
Piotr Głowski
7%
Piotr Król
7%
Tomasz Głogowski
7%
Zbigniew Dolata
7%
Czesław Hoc
6%
Ewa Leniart
6%
Gabriela Lenartowicz
6%
Jacek Bogucki
6%
Maciej Wróbel
6%
Małgorzata Pępek
6%
Marcin Skonieczka
6%
Piotr Polak
6%
Rafał Kasprzyk
6%
Tomasz Zieliński
6%
Żaneta Cwalina Śliwowska
6%
Alicja Łepkowska Gołaś
5%
Anna Wojciechowska
5%
Bolesław Piecha
5%
Dariusz Stefaniuk
5%
Elżbieta Gapińska
5%
Grzegorz Lorek
5%
Henryk Kiepura
5%
Ireneusz Zyska
5%
Janusz Cichoń
5%
Józefa Szczurek Żelazko
5%
Krzysztof Czarnecki
5%
Krzysztof Gadowski
5%
Krzysztof Piątkowski
5%
Marcin Grabowski
5%
Marzena Machałek
5%
Patryk Wicher
5%
Piotr Kandyba
5%
Robert Dowhan
5%
Szymon Giżyński
5%
Witold Czarnecki
5%
Wojciech Król
5%
Zbigniew Sosnowski
5%
Agnieszka Górska
4%
Aleksander Mrówczyński
4%
Andrzej Szewiński
4%
Arkadiusz Czartoryski
4%
Dominik Jaśkowiec
4%
Dorota Marek
4%
Edward Siarka
4%
Elżbieta Burkiewicz
4%
Elżbieta Duda
4%
Ewa Malik
4%
Grzegorz Woźniak
4%
Henryk Smolarz
4%
Iwona Kozłowska
4%
Iwona Krawczyk
4%
Jacek Świat
4%
Jerzy Polaczek
4%
Jolanta Zięba Gzik
4%
Katarzyna Osos
4%
Kazimierz Gołojuch
4%
Kazimierz Plocke
4%
Krystian Łuczak
4%
Krystyna Sibińska
4%
Łukasz Osmalak
4%
Maciej Małecki
4%
Magdalena Łośko
4%
Małgorzata Gromadzka
4%
Małgorzata Niemczyk
4%
Marek Gzik
4%
Mariusz Popielarz
4%
Michał Pyrzyk
4%
Mirosław Maliszewski
4%
Patryk Gabriel
4%
Paweł Papke
4%
Piotr Górnikiewicz
4%
Piotr Strach
4%
Rafał Komarewicz
4%
Robert Gontarz
4%
Robert Wardzała
4%
Ryszard Bartosik
4%
Sebastian Łukaszewicz
4%
Sylwia Bielawska
4%
Tadeusz Samborski
4%
Teresa Wilk
4%
Tomasz Szymański
4%
Wiesław Krajewski
4%
Władysław Kurowski
4%
Zbigniew Hoffmann
4%
Zdzisław Gawlik
4%
Zofia Czernow
4%
Anna Schmidt
3%
Barbara Grygorcewicz
3%
Elżbieta Gelert
3%
Jacek Niedźwiedzki
3%
Katarzyna Czochara
3%
Katarzyna Królak
3%
Łukasz Horbatowski
3%
Marcin Porzucek
3%
Marek Hok
3%
Piotr Uściński
3%
Robert Jagła
3%
Stanisław Szwed
3%
Teresa Pamuła
3%
Władysław Dajczak
3%
Włodzisław Giziński
3%
Adam Luboński
2%
Agnieszka Hanajczyk
2%
Alicja Łuczak
2%
Andrzej Gawron
2%
Anna Baluch
2%
Anna Dąbrowska Banaszek
2%
Anna Pieczarka
2%
Artur Gierada
2%
Barbara Okuła
2%
Bartłomiej Dorywalski
2%
Bartosz Zawieja
2%
Bożena Lisowska
2%
Danuta Jazłowiecka
2%
Grzegorz Gaża
2%
Grzegorz Macko
2%
Grzegorz Matusiak
2%
Grzegorz Piechowiak
2%
Henryk Szopiński
2%
Iwona Karolewska
2%
Krzysztof Habura
2%
Lidia Czechak
2%
Maciej Tomczykiewicz
2%
Magdalena Filipek Sobczak
2%
Marcin Gwóźdź
2%
Marek Chmielewski
2%
Marek Krząkała
2%
Marek Wesoły
2%
Michał Cieślak
2%
Norbert Pietrykowski
2%
Paweł Hreniak
2%
Piotr Lachowicz
2%
Piotr Uruski
2%
Rafał Weber
2%
Renata Rak
2%
Sławomir Skwarek
2%
Sławomir Zawiślak
2%
Stanisław Gorczyca
2%
Stanisław Lamczyk
2%
Sylwester Tułajew
2%
Tomasz Kostuś
2%
Weronika Smarduch
2%
Wioletta Kulpa
2%
Wojciech Szarama
2%
Zbigniew Chmielowiec
2%
Agata Wojtyszek
1%
Agnieszka Soin
1%
Andrzej Kryj
1%
Anna Cicholska
1%
Anna Sobolak
1%
Artur Szałabawka
1%
Fryderyk Kapinos
1%
Jan Warzecha
1%
Katarzyna Kierzek Koperska
1%
Katarzyna Stachowicz
1%
Kazimierz Choma
1%
Kazimierz Gwiazdowski
1%
Krzysztof Grabczuk
1%
Krzysztof Kubów
1%
Lucjan Pietrzczyk
1%
Łukasz Ściebiorowski
1%
Magdalena Roguska
1%
Marek Matuszewski
1%
Marek Rząsa
1%
Maria Koźlakiewicz
1%
Paweł Masełko
1%
Paweł Rychlik
1%
Paweł Sałek
1%
Piotr Babinetz
1%
Przemysław Drabek
1%
Robert Warwas
1%
Stanisław Tomczyszyn
1%
Szymon Pogoda
1%
Tadeusz Chrzan
1%
Urszula Koszutska
1%
Urszula Rusecka
1%
Wiesław Różyński
1%
Wojciech Zubowski
1%
Adam Krzemiński
0%
Artur Chojecki
0%
Jerzy Materna
0%
Krzysztof Bojarski
0%
Nie znaleziono quizów pasujących do podanych kryteriów
Rozkład punktacji
Procent ludzi z każdym wynikiem
Percentyl według liczby udzielonych odpowiedzi
Twoja historia wyników
Nie rozwiązałeś tego quizu